Encyclopedia of smart materials
this two volume encyclopedia set provides a preface defining what is meant by and summarizing their enormous potential: tiny sensory computers, some no larger than a dust mote, will someday fundamentally impact a multitude of industries, products, and human activities. In two volumes, in-depth artic...
Wedi'i Gadw mewn:
| Fformat: | Llyfr |
|---|---|
| Iaith: | Undetermined |
| Cyhoeddwyd: |
New York, NY
John Wiley & Sons
2002
|
| Pynciau: | |
| Tagiau: |
Ychwanegu Tag
Dim Tagiau, Byddwch y cyntaf i dagio'r cofnod hwn!
|
| Thư viện lưu trữ: | Trung tâm Học liệu Trường Đại học Cần Thơ |
|---|
| LEADER | 01069nam a2200205Ia 4500 | ||
|---|---|---|---|
| 001 | CTU_126427 | ||
| 008 | 210402s9999 xx 000 0 und d | ||
| 020 | |c 740.98 | ||
| 082 | |a 620.11 | ||
| 082 | |b E56/Vol.2 | ||
| 245 | 0 | |a Encyclopedia of smart materials | |
| 245 | 0 | |c Edited by Mel Schwartz | |
| 260 | |a New York, NY | ||
| 260 | |b John Wiley & Sons | ||
| 260 | |c 2002 | ||
| 520 | |a this two volume encyclopedia set provides a preface defining what is meant by and summarizing their enormous potential: tiny sensory computers, some no larger than a dust mote, will someday fundamentally impact a multitude of industries, products, and human activities. In two volumes, in-depth articles on various aspects of this multidisciplinary field are arranged alphabetically and include substantial bibliographies; there are no cross-references, but thematic access is afforded by the subject index in the second volume | ||
| 650 | |a Smart materials | ||
| 650 | |x Encyclopedias. | ||
| 904 | |i Minh, Huỳnh Mai | ||
| 980 | |a Trung tâm Học liệu Trường Đại học Cần Thơ | ||